| 000 | 00969nam a2200253 a 4500 | ||
|---|---|---|---|
| 001 | 47582 | ||
| 003 | BD-RjUL | ||
| 005 | 20211209054340.0 | ||
| 008 | 160809s19901966bg |||| ||| 000 0 ben d | ||
| 020 | _c: Tk. 35.00 | ||
| 035 | _a(BD-RjUL)47701 | ||
| 040 |
_aBD-RjUL _bben=eng _cBD-RjUL _dBD-RjUL |
||
| 041 | _aben=eng | ||
| 082 |
_223 _a330.014 _bART 1990 |
||
| 110 | 1 | _4বাংলা একাডেমী | |
| 245 | 1 | 0 |
_aআর্থনীতিক পরিভাষা-কোষ=Terminology of economics / _cবাংলা একাডেমী |
| 250 | _a১ম সং. | ||
| 260 |
_aঢাকা : _bবাংলা একাডেমী , _c১৯৬৬ [৩য় মুদ্রণ ১৯৯০] |
||
| 300 |
_a১০৫ পৃ. ; _c২১ সেমি. |
||
| 650 |
_aঅর্থনীতি _vপরিভাষা _9143769 |
||
| 650 |
_aEconomics _vTerminology _9143706 |
||
| 710 |
_aবাংলা একাডেমী _9144620 |
||
| 942 |
_2ddc _cBK |
||
| 999 |
_c47582 _d47582 |
||